000 00449cam a22001337a 4500
008 180718b1976 xxu||||| |||| 00| 0 eng d
082 _aA81x54 In2/71/1/Pt3B/1
100 _aCensus of India 1971
245 _aIndia: establishment tables
260 _aDelhi
_bThe Manager of Publications
_c1976
300 _a722+p.
440 _aCensus of India 1971. Series-1, India. Part III-B (i)
500 _aContents: E-I, E-II-part A, E-II-part C, E-III & E-IV
999 _c484804
_d484804